[Event "Le Touquet op-A 24th"]
[Site "Le Touquet"]
[Date "2009.10.24"]
[Round "1"]
[White "Heberla, Bartlomiej"]
[Black "Vandemeulebrouck, Renaud"]
[Result "1/2-1/2"]
[WhiteElo "2536"]
[BlackElo "2026"]
[PlyCount "59"]
[EventDate "2009.10.24"]
[EventType "swiss"]
[EventRounds "9"]
[EventCountry "FRA"]
[SourceTitle "EXT 2010"]
[Source "ChessBase"]
[SourceDate "2009.11.30"]
[SourceVersion "1"]
[SourceVersionDate "2009.11.30"]
[SourceQuality "1"]

1. e4 e5 2. Nf3 Nc6 3. c3 Nf6 4. d4 Nxe4 5. d5 Ne7 6. Nxe5 d6 7. Bb5+ c6 8.
dxc6 bxc6 9. Nxc6 Qb6 10. Nd4+ Kd8 11. Qf3 Bb7 12. Qxf7 Bd5 13. Qe8+ Kc7 14.
Qd7+ Kb8 15. Bf4 g5 16. Be3 Nc5 17. Qg4 a6 18. b4 axb5 19. bxc5 dxc5 20. O-O
Ra4 21. Qg3+ Kb7 22. Qe5 Rg8 23. Nxb5 Qxb5 24. c4 Qd7 25. Qb2+ Rb4 26. Qc1 Bxg2
27. Kxg2 Qg4+ 28. Kh1 Qf3+ 29. Kg1 Qg4+ 30. Kh1 1/2-1/2

[Event "Chigorin Memorial 17th"]
[Site "St Petersburg"]
[Date "2009.10.20"]
[Round "5"]
[White "Urjubdshzirov, Erdni"]
[Black "Aleksandrov, Aleksej"]
[Result "0-1"]
[WhiteElo "2306"]
[BlackElo "2639"]
[PlyCount "112"]
[EventDate "2009.10.16"]
[EventType "swiss"]
[EventRounds "9"]
[EventCountry "RUS"]
[SourceTitle "CBM 132 Extra"]
[Source "ChessBase"]
[SourceDate "2009.11.03"]
[SourceVersion "1"]
[SourceVersionDate "2009.11.03"]
[SourceQuality "1"]

1. e4 e5 2. Nf3 Nc6 3. c3 Nf6 4. d4 exd4 5. e5 Nd5 6. cxd4 Bb4+ 7. Bd2 Bxd2+ 8.
Qxd2 d6 9. Nc3 Nxc3 10. Qxc3 dxe5 11. dxe5 Qd5 12. Bc4 Qe4+ 13. Kf1 Be6 14.
Bxe6 fxe6 15. Qb3 O-O 16. Re1 Qb4 17. Qxb4 Nxb4 18. Nd4 Kf7 19. Nb5 Ke7 20. g3
Rad8 21. Nc3 Nd3 22. Re2 Rf5 23. Kg2 Rxe5 24. Rxe5 Nxe5 25. Re1 Nd3 26. Re2 Rd4
27. b3 a6 28. f4 Nc5 29. Rc2 Kd6 30. Kf3 b6 31. Ke3 e5 32. fxe5+ Kxe5 33. Ke2
Ne6 34. Ke1 Kd6 35. Re2 Kd7 36. Ne4 a5 37. Nd2 Nc5 38. Kd1 Rd6 39. Kc2 Re6 40.
Rf2 Ke7 41. Nc4 h5 42. Na3 Re5 43. Rg2 Kf6 44. Nc4 Re7 45. Nd2 Re5 46. Nc4 Re1
47. Kd2 Re7 48. Ne3 Kg6 49. Nc4 Re4 50. Kc2 a4 51. Nd2 Re3 52. Kb2 Nd3+ 53. Ka3
axb3 54. axb3 b5 55. Rg1 c5 56. Rf1 Re7 0-1

[Event "Guernsey Holiday op"]
[Site "Guernsey"]
[Date "2009.10.20"]
[Round "3"]
[White "Kearsley, Raymond J"]
[Black "Cox, Marian"]
[Result "1-0"]
[WhiteElo "1762"]
[BlackElo "1434"]
[PlyCount "77"]
[EventDate "2009.10.18"]
[EventType "swiss"]
[EventRounds "7"]
[EventCountry "GCI"]
[SourceTitle "EXT 2015"]
[Source "ChessBase"]
[SourceDate "2014.11.20"]
[SourceVersion "1"]
[SourceVersionDate "2014.11.20"]
[SourceQuality "1"]

1. e4 e5 2. Nf3 Nc6 3. c3 Nf6 4. d4 exd4 5. e5 Ng8 6. cxd4 d5 7. Nc3 Bb4 8. a3
Bxc3+ 9. bxc3 Be6 10. Bd3 h6 11. O-O Nge7 12. Qc2 Qd7 13. Rb1 b6 14. Bb2 Bf5
15. Bxf5 Qxf5 16. Qe2 Qe6 17. Nd2 f5 18. f4 g6 19. Rbc1 Na5 20. c4 c6 21. c5 b5
22. Bc3 Nb7 23. a4 a6 24. h3 h5 25. Nf3 Qg8 26. Ng5 Nd8 27. e6 Nb7 28. Nf7 Rh7
29. Nd6+ Nxd6 30. cxd6 Nc8 31. d7+ Ke7 32. dxc8=Q Rxc8 33. Bb4+ Ke8 34. Qe5 a5
35. Rxc6 Ra8 36. Bc5 bxa4 37. Rb1 Rd8 38. Rb8 Qg7 39. Rxd8+ 1-0

[Event "Mecklenburg VP LL2 West 0910"]
[Site "Mecklenburg VP"]
[Date "2009.10.18"]
[Round "1.7"]
[White "Moeller, Peter"]
[Black "Ramm, Joachim"]
[Result "0-1"]
[WhiteElo "1881"]
[BlackElo "1675"]
[PlyCount "72"]
[EventDate "2009.10.18"]
[EventType "team-tourn"]
[EventRounds "9"]
[EventCountry "GER"]
[SourceTitle "EXT 2016"]
[Source "ChessBase"]
[SourceDate "2015.10.10"]
[SourceVersion "1"]
[SourceVersionDate "2015.10.10"]
[SourceQuality "1"]
[WhiteTeam "Wismar Gruen Weiss II"]
[BlackTeam "Parchim BW 69"]
[WhiteTeamCountry "GER"]
[BlackTeamCountry "GER"]

1. e4 e5 2. Nf3 Nc6 3. c3 d5 4. Bd3 Nf6 5. exd5 Qxd5 6. Be2 Bd6 7. d3 Bf5 8.
O-O h6 9. h3 Qe6 10. Re1 O-O 11. Nbd2 Rad8 12. Qb3 Qc8 13. Nh4 Be6 14. Qc2 Be7
15. Nhf3 Nd5 16. Nc4 Bd6 17. Nxd6 cxd6 18. b3 Ncb4 19. Qb2 Qxc3 20. Qxc3 Nxc3
21. a3 Nc2 22. Bb2 Nxe2+ 23. Rxe2 Nxa1 24. Bxa1 Bxb3 25. Bc3 Bd1 26. Re3 Bxf3
27. Rxf3 Rc8 28. Bb4 Rfd8 29. Re3 b6 30. Re1 Rc2 31. Rd1 d5 32. f3 Rdc8 33. Rd2
a5 34. Rxc2 Rxc2 35. Bd6 f6 36. d4 e4 0-1

[Event "Mecklenburg VP LL2 Ost 0910"]
[Site "Mecklenburg VP"]
[Date "2009.10.18"]
[Round "1.4"]
[White "Kiel, Bernd"]
[Black "Stoevesand, Peter"]
[Result "1-0"]
[WhiteElo "1882"]
[BlackElo "1685"]
[PlyCount "75"]
[EventDate "2009.10.18"]
[EventType "team-tourn"]
[EventRounds "9"]
[EventCountry "GER"]
[SourceTitle "EXT 2016"]
[Source "ChessBase"]
[SourceDate "2015.10.10"]
[SourceVersion "1"]
[SourceVersionDate "2015.10.10"]
[SourceQuality "1"]
[WhiteTeam "Guestrow/Teterow"]
[BlackTeam "Neubrandenburg Eintracht II"]
[WhiteTeamCountry "GER"]
[BlackTeamCountry "GER"]

1. e4 e5 2. Nf3 Nc6 3. c3 d6 4. d4 Bg4 5. Be2 Nf6 6. O-O exd4 7. Nxd4 Bxe2 8.
Qxe2 Qd7 9. Nxc6 Qxc6 10. e5 dxe5 11. Qxe5+ Qe6 12. Qxe6+ fxe6 13. Re1 Kf7 14.
Nd2 Bc5 15. h3 Rad8 16. Nf3 Rhe8 17. Bf4 Nd5 18. Be5 Bd6 19. Rad1 Bxe5 20.
Nxe5+ Kg8 21. g3 Rd6 22. Rd2 Nb6 23. Rde2 Kf8 24. Kf1 Ke7 25. f4 g6 26. c4 Nd7
27. Nf3 a6 28. Nh4 Kf6 29. g4 Rd4 30. f5 gxf5 31. Nxf5 Rf4+ 32. Kg2 Nc5 33. b3
a5 34. Kg3 Nd3 35. Rd1 exf5 36. Rxe8 Rd4 37. Rf8+ Kg6 38. Rxf5 1-0

[Event "Angus Challengers"]
[Site "Dundee"]
[Date "2009.10.17"]
[Round "2"]
[White "Roy, Bappa"]
[Black "Heatlie, Douglas S"]
[Result "1-0"]
[WhiteElo "1657"]
[BlackElo "1594"]
[PlyCount "63"]
[EventDate "2009.??.??"]
[EventRounds "3"]
[EventCountry "SCO"]
[SourceTitle "OM OTB B 201907"]
[Source "Opening Master"]
[SourceDate "2019.07.06"]
[SourceVersion "2"]
[SourceVersionDate "2019.07.06"]
[SourceQuality "1"]

1. e4 e5 2. Nf3 Nc6 3. c3 d6 4. d4 exd4 5. cxd4 g6 6. Bg5 Be7 7. Be3 f5 8. Nc3
fxe4 9. Nxe4 d5 10. Nc3 a6 11. Bd3 Nf6 12. Qc2 Nb4 13. Bxg6+ Kf8 14. Qb1 hxg6
15. Qxg6 Ng4 16. Ng5 Bxg5 17. Bxg5 Qe8+ 18. Qxe8+ Kxe8 19. O-O-O Be6 20. a3
Nxf2 21. axb4 Nxd1 22. Nxd1 Rg8 23. h4 Kd7 24. Nf2 a5 25. b5 Raf8 26. Nd3 b6
27. Ne5+ Kd6 28. g3 Bd7 29. Bf4 Bxb5 30. h5 Rf6 31. h6 Rh8 32. Nf7+ 1-0

[Event "SLO-chT1a West"]
[Site "Ljubljana"]
[Date "2009.10.16"]
[Round "6.4"]
[White "Jaksa, Cvetko"]
[Black "Jeraj, Zlatko"]
[Result "1-0"]
[WhiteElo "1992"]
[BlackElo "2174"]
[PlyCount "121"]
[EventDate "2009.10.09"]
[EventType "team-tourn"]
[EventRounds "9"]
[EventCountry "SLO"]
[SourceTitle "EXT 2012"]
[Source "ChessBase"]
[SourceDate "2011.11.24"]
[SourceVersion "1"]
[SourceVersionDate "2011.11.24"]
[SourceQuality "1"]
[WhiteTeam "Trebnje"]
[BlackTeam "Jesenice"]
[WhiteTeamCountry "SLO"]
[BlackTeamCountry "SLO"]

1. e4 e5 2. Nf3 Nc6 3. c3 Nf6 4. d4 d6 5. Be2 Be7 6. Be3 Nxe4 7. d5 Nb8 8. Qa4+
c6 9. dxc6 bxc6 10. Qxe4 f5 11. Qa4 f4 12. Bc1 O-O 13. Nbd2 g5 14. h3 h5 15.
Nh2 Qe8 16. Qd1 h4 17. Bh5 Qd8 18. O-O d5 19. Qb3 Nd7 20. Re1 Bd6 21. Qa4 Qc7
22. b4 Nf6 23. Be2 e4 24. f3 e3 25. Nb3 Bf5 26. Nd4 Bd7 27. Qc2 Be8 28. Ne6 Qe7
29. Nxf8 Kxf8 30. Qf5 Qe5 31. Qxe5 Bxe5 32. Bb2 Bg6 33. Ba6 Rb8 34. Rac1 c5 35.
Ba3 c4 36. b5+ Ke8 37. Bc5 Nd7 38. Bxa7 Ra8 39. Bd4 Bxd4 40. cxd4 Nb6 41. Ng4
Ke7 42. Ne5 Bf5 43. a4 Nxa4 44. Bb7 Rh8 45. Bxd5 c3 46. Bb3 Nb6 47. Rxc3 Ra8
48. Rc7+ Kd8 49. Rec1 Ra3 50. Nf7+ Ke8 51. Nd6+ Kd8 52. Bf7 Bd7 53. Rb7 Na8 54.
Nc4 Rd3 55. Rb8+ Ke7 56. Rxa8 e2 57. Re1 Rd1 58. Kf2 Rxe1 59. Kxe1 Kxf7 60.
Ne5+ Ke6 61. Ra6+ 1-0

[Event "Chigorin Memorial 17th"]
[Site "St Petersburg"]
[Date "2009.10.16"]
[Round "1"]
[White "Urjubdshzirov, Erdni"]
[Black "Azarov, Sergei"]
[Result "0-1"]
[WhiteElo "2306"]
[BlackElo "2625"]
[PlyCount "64"]
[EventDate "2009.10.16"]
[EventType "swiss"]
[EventRounds "9"]
[EventCountry "RUS"]
[SourceTitle "CBM 132 Extra"]
[Source "ChessBase"]
[SourceDate "2009.11.03"]
[SourceVersion "1"]
[SourceVersionDate "2009.11.03"]
[SourceQuality "1"]

1. e4 e5 2. Nf3 Nc6 3. c3 d5 4. Qa4 Bd7 5. exd5 Nd4 6. Qd1 Nxf3+ 7. Qxf3 Nf6 8.
d3 Bg4 9. Qg3 Qxd5 10. Bg5 Bf5 11. Nd2 O-O-O 12. Nc4 Bc5 13. b4 Be7 14. Ne3 Qc6
15. Rc1 Bg6 16. Qh3+ Kb8 17. Nf5 Bf8 18. Nh4 Bh5 19. f3 h6 20. Bd2 g5 21. Nf5
g4 22. Qh4 gxf3 23. gxf3 Bg6 24. b5 Qe6 25. Ng3 Be7 26. Qc4 Nd5 27. Be2 Qb6 28.
Nf1 Bg5 29. d4 Rhe8 30. Kf2 exd4 31. cxd4 Bxd2 32. Nxd2 Nf4 0-1

[Event "SWE-chT 0910"]
[Site "Sweden"]
[Date "2009.10.16"]
[Round "1"]
[White "Soderberg, Per"]
[Black "Smith, Axel"]
[Result "0-1"]
[WhiteElo "2224"]
[BlackElo "2415"]
[PlyCount "92"]
[EventDate "2009.10.16"]
[EventType "team"]
[EventRounds "11"]
[EventCountry "SWE"]
[SourceTitle "EXT 2011"]
[Source "ChessBase"]
[SourceDate "2010.11.26"]
[SourceVersion "1"]
[SourceVersionDate "2010.11.26"]
[SourceQuality "1"]
[WhiteTeam "Wasa"]
[BlackTeam "Lunds"]
[WhiteTeamCountry "SWE"]
[BlackTeamCountry "SWE"]

1. e4 e5 2. Nf3 Nc6 3. c3 Nf6 4. d4 exd4 5. e5 Nd5 6. Qb3 Nb6 7. cxd4 d6 8. Bb5
Be6 9. Qc2 Bd5 10. Nbd2 Be7 11. O-O O-O 12. a3 h6 13. Bd3 Nd7 14. Be4 Bxe4 15.
Qxe4 dxe5 16. dxe5 Nc5 17. Qg4 Qc8 18. Qxc8 Raxc8 19. Nc4 Nd3 20. Bd2 b5 21.
Ne3 Ndxe5 22. Nxe5 Nxe5 23. Bc3 f6 24. Nf5 Rfe8 25. Rad1 Bf8 26. h3 Rcd8 27.
Rfe1 Rxd1 28. Rxd1 c5 29. Rd5 b4 30. axb4 cxb4 31. Bd4 Nc6 32. Bc5 Re1+ 33. Kh2
Re5 34. Rxe5 fxe5 35. Be3 Kf7 36. g4 Ke6 37. Kg3 a5 38. b3 Ne7 39. Nh4 Nd5 40.
Bc1 Nc3 41. Kf3 a4 42. bxa4 Nxa4 43. Ke4 b3 44. Ng6 Bd6 45. f4 exf4 46. Nxf4+
Bxf4 0-1

[Event "Muensterland op"]
[Site "Senden"]
[Date "2009.10.14"]
[Round "6"]
[White "Hug, Marcel"]
[Black "Huettemann, Ralf"]
[Result "1/2-1/2"]
[WhiteElo "2344"]
[BlackElo "1994"]
[PlyCount "90"]
[EventDate "2009.10.10"]
[EventType "swiss"]
[EventRounds "9"]
[EventCountry "GER"]
[SourceTitle "CBM 132 Extra"]
[Source "ChessBase"]
[SourceDate "2009.11.03"]
[SourceVersion "1"]
[SourceVersionDate "2009.11.03"]
[SourceQuality "1"]

1. e4 e5 2. Nf3 Nc6 3. c3 Qe7 4. b4 g6 5. Be2 Bg7 6. d3 Nh6 7. Nbd2 d6 8. Nc4
O-O 9. O-O Kh8 10. b5 Nd8 11. Ne3 f5 12. Nd5 Qd7 13. c4 c6 14. bxc6 bxc6 15.
Nc3 Ne6 16. Na4 Rb8 17. Qc2 c5 18. Nc3 f4 19. Nd5 g5 20. h3 g4 21. hxg4 Nxg4
22. g3 Qf7 23. Kg2 Bh6 24. Bd2 Qg7 25. Rab1 Nxf2 26. Rxf2 Qxg3+ 27. Kf1 Rxb1+
28. Qxb1 Nd4 29. Nxd4 Bh3+ 30. Ke1 cxd4 31. Qb4 Qg6 32. Ne7 Qg1+ 33. Bf1 Rf6
34. Qb8+ Bf8 35. Nd5 Rf7 36. Qe8 Kg8 37. c5 Rb7 38. Nf6+ Kg7 39. Nh5+ Kg8 40.
Nf6+ Kg7 41. Ke2 Rb1 42. Nh5+ Kg8 43. Nf6+ Kg7 44. Nh5+ Kg8 45. Nf6+ Kg7
1/2-1/2

[Event "Rome Elo op 5th"]
[Site "Rome"]
[Date "2009.10.14"]
[Round "4"]
[White "Bartoloni, Mario"]
[Black "Palama, Pierpaolo"]
[Result "1/2-1/2"]
[WhiteElo "1548"]
[BlackElo "1509"]
[PlyCount "88"]
[EventDate "2009.09.16"]
[EventType "swiss"]
[EventRounds "5"]
[EventCountry "ITA"]
[SourceTitle "EXT 2012"]
[Source "ChessBase"]
[SourceDate "2011.11.24"]
[SourceVersion "1"]
[SourceVersionDate "2011.11.24"]
[SourceQuality "1"]

1. e4 e5 2. Nf3 Nc6 3. c3 Nf6 4. Qc2 Bc5 5. Bc4 O-O 6. O-O a6 7. b4 Ba7 8. Na3
d6 9. Bb3 b5 10. d3 Bb7 11. Bg5 h6 12. Bh4 g5 13. Bg3 Nh5 14. Qe2 Kh7 15. Rad1
Bc8 16. Nxe5 Nxg3 17. hxg3 Nxe5 18. d4 Ng6 19. Bc2 Qf6 20. e5 dxe5 21. dxe5 Qe6
22. Qe4 Bd7 23. c4 Kg7 24. c5 Bc6 25. Qe3 Bd5 26. Rxd5 Qxd5 27. Be4 Qxe5 28.
Bxa8 Rxa8 29. Re1 Re8 30. Nc2 c6 31. Qa3 Qxe1+ 32. Nxe1 Rxe1+ 33. Kh2 Ne5 34.
Qc3 Re2 35. f4 Re3 36. Qd4 gxf4 37. gxf4 Bb8 38. Kg1 Rd3 39. Qb2 f6 40. fxe5
Bxe5 41. Qe2 Rd4 42. a3 Rh4 43. Qf3 Bh2+ 44. Kh1 Bg3+ 1/2-1/2

[Event "NRW-ch"]
[Site "Moenchengladbach"]
[Date "2009.10.12"]
[Round "3"]
[White "Kummerow, Heiko"]
[Black "Waldschmidt, Georg"]
[Result "1-0"]
[WhiteElo "2348"]
[BlackElo "2215"]
[PlyCount "61"]
[EventDate "2009.10.10"]
[EventType "swiss"]
[EventRounds "7"]
[EventCountry "GER"]
[SourceTitle "CBM 132 Extra"]
[Source "ChessBase"]
[SourceDate "2009.11.03"]
[SourceVersion "1"]
[SourceVersionDate "2009.11.03"]
[SourceQuality "1"]

1. e4 e5 2. Nf3 Nc6 3. c3 d5 4. Qa4 dxe4 5. Nxe5 Qd5 6. Nxc6 bxc6 7. Bc4 Qd7 8.
O-O Nf6 9. d3 exd3 10. Bxd3 Bd6 11. Re1+ Be7 12. Bf5 Qd5 13. c4 Qd6 14. Rd1
Qxd1+ 15. Qxd1 Bxf5 16. Nc3 O-O 17. Qf3 Bd7 18. Bf4 Rac8 19. Qe3 Be6 20. b3 a5
21. Rd1 Rfe8 22. h3 Bb4 23. Qf3 h6 24. Bxh6 Nd7 25. Bf4 Nc5 26. Nb1 Bf5 27. a3
Be1 28. Be3 Be4 29. Qh5 Nd3 30. Qe2 Nxf2 31. Rxe1 1-0

[Event "Loire-ch Top20 0910"]
[Site "Loire"]
[Date "2009.10.10"]
[Round "1"]
[White "Aumont Mathieu, Georges"]
[Black "Carrot, Axel"]
[Result "1/2-1/2"]
[WhiteElo "1840"]
[BlackElo "1485"]
[PlyCount "34"]
[EventDate "2009.12.??"]
[EventType "tourn"]
[EventRounds "7"]
[EventCountry "FRA"]
[SourceTitle "EXT 2011"]
[Source "ChessBase"]
[SourceDate "2010.11.26"]
[SourceVersion "1"]
[SourceVersionDate "2010.11.26"]
[SourceQuality "1"]

1. e4 e5 2. Nf3 Nc6 3. c3 Nf6 4. d4 exd4 5. e5 Nd5 6. Qb3 Nb6 7. cxd4 Bb4+ 8.
Nc3 f6 9. Bb5 a6 10. Bxc6 Bxc3+ 11. bxc3 dxc6 12. Ba3 Qd5 13. O-O-O Kf7 14.
Qxd5+ cxd5 15. exf6 gxf6 16. Rde1 Be6 17. Nd2 Rae8 1/2-1/2

[Event "20m + 0s, rated"]
[Site "playchess.com"]
[Date "2009.10.05"]
[Round "?"]
[White "Nittschalk"]
[Black "Peter Naumann"]
[Result "1-0"]
[WhiteElo "1799"]
[BlackElo "1803"]
[PlyCount "51"]
[EventDate "2009.07.29"]
[EventType "rapid"]
[SourceTitle "OM Corr 202003"]
[Source "Opening Master"]
[SourceDate "2019.05.30"]
[SourceVersion "2"]
[SourceVersionDate "2019.05.30"]
[SourceQuality "1"]

1. e4 e5 2. Nf3 Nc6 3. c3 d6 4. d4 exd4 5. cxd4 Bg4 6. d5 Ne5 7. Be2 Qf6 8.
Nxe5 Bxe2 9. Qxe2 Qxe5 10. O-O Nf6 11. Nc3 Be7 12. f4 Qh5 13. Qb5+ c6 14. Qxb7
O-O 15. Qxc6 Rac8 16. Qa4 Ng4 17. h3 Nf6 18. e5 dxe5 19. fxe5 Bc5+ 20. Kh1 Ng4
21. Qxg4 Qxe5 22. Bh6 Bd6 23. Bf4 Qe7 24. Bxd6 Qxd6 25. Ne4 f5 26. Nxd6 1-0

[Event "Hessenliga 0910"]
[Site "Germany"]
[Date "2009.10.04"]
[Round "2.7"]
[White "Huisl, Wolfgang"]
[Black "Prange, Dieter"]
[Result "1/2-1/2"]
[WhiteElo "2284"]
[BlackElo "2148"]
[PlyCount "39"]
[EventDate "2009.09.20"]
[EventType "team-tourn"]
[EventRounds "9"]
[EventCountry "GER"]
[SourceTitle "EXT 2011"]
[Source "ChessBase"]
[SourceDate "2010.11.26"]
[SourceVersion "1"]
[SourceVersionDate "2010.11.26"]
[SourceQuality "1"]
[WhiteTeam "Hofheim II"]
[BlackTeam "Marburg"]
[WhiteTeamCountry "GER"]
[BlackTeamCountry "GER"]

1. e4 e5 2. Nf3 Nc6 3. c3 f5 4. d4 fxe4 5. Nxe5 Nf6 6. Bg5 Be7 7. Bb5 a6 8.
Bxc6 dxc6 9. Nd2 Qd5 10. O-O c5 11. Bxf6 Bxf6 12. Nxe4 O-O 13. Nxf6+ Rxf6 14.
Re1 cxd4 15. Qxd4 Qxd4 16. cxd4 Be6 17. b3 Rd8 18. Rad1 Rf4 19. Nf3 Rd6 20. Re5
1/2-1/2

[Event "Goch op 20th"]
[Site "Goch"]
[Date "2009.10.03"]
[Round "4"]
[White "Kabos, Tobias"]
[Black "Lovik, Lasse Ostebo"]
[Result "0-1"]
[WhiteElo "2175"]
[BlackElo "2320"]
[PlyCount "120"]
[EventDate "2009.10.01"]
[EventType "swiss"]
[EventRounds "7"]
[EventCountry "GER"]
[SourceTitle "EXT 2011"]
[Source "ChessBase"]
[SourceDate "2010.11.26"]
[SourceVersion "1"]
[SourceVersionDate "2010.11.26"]
[SourceQuality "1"]

1. e4 e5 2. Nf3 Nc6 3. c3 Nf6 4. d4 exd4 5. e5 Qe7 6. cxd4 d6 7. Bb5 dxe5 8.
O-O Bd7 9. Bxc6 Bxc6 10. Nxe5 Bd5 11. Re1 Be6 12. Nc3 c6 13. Bg5 h6 14. d5
O-O-O 15. Qa4 hxg5 16. dxe6 Qc5 17. Nxf7 Rd2 18. Ne2 Rh4 19. Qa3 Re4 20. Kf1
Ng4 21. Qxc5 Bxc5 22. Nxg5 Nxh2+ 23. Kg1 Rexe2 24. Rxe2 Rxe2 25. Kxh2 Bxf2 26.
Rf1 Kd8 27. Kh3 Ke8 28. Kg4 Bd4 29. Rf7 Bf6 30. Nh7 Rxg2+ 31. Kf3 Rxb2 32.
Nxf6+ gxf6 33. Ke4 a5 34. a4 b5 35. Rc7 bxa4 36. Rxc6 Ke7 37. Kd3 a3 38. Rc5 a2
39. Rxa5 Kxe6 40. Kc3 Rg2 41. Kd4 Kf7 42. Ke4 Kg6 43. Kf3 Rb2 44. Kf4 Kf7 45.
Ke4 Ke7 46. Ra6 Kd7 47. Kd4 Kc7 48. Kc3 Rf2 49. Kb3 Kb7 50. Ra4 Kb6 51. Kc3 Kb5
52. Ra8 f5 53. Rb8+ Kc5 54. Ra8 f4 55. Ra5+ Kb6 56. Ra8 f3 57. Kd3 Rb2 58. Rb8+
Kc5 59. Rxb2 a1=Q 60. Rf2 Qd4+ 0-1

[Event "Tatry op"]
[Site "Tatranske Zruby"]
[Date "2009.10.02"]
[Round "7"]
[White "Lizner, Milan"]
[Black "Michalko, Peter"]
[Result "1-0"]
[WhiteElo "2096"]
[BlackElo "1792"]
[PlyCount "79"]
[EventDate "2009.09.27"]
[EventType "swiss"]
[EventRounds "9"]
[EventCountry "SVK"]
[SourceTitle "EXT 2011"]
[Source "ChessBase"]
[SourceDate "2010.11.26"]
[SourceVersion "1"]
[SourceVersionDate "2010.11.26"]
[SourceQuality "1"]

1. e4 e5 2. Nf3 Nc6 3. c3 Nf6 4. d4 Nxe4 5. d5 Ne7 6. Nxe5 d6 7. Qa4+ c6 8.
dxc6 bxc6 9. Qxe4 dxe5 10. Qxe5 Be6 11. Be2 Ng6 12. Qe4 Qc7 13. Nd2 Bd6 14. Nc4
Bxh2 15. Be3 O-O 16. O-O-O Bf4 17. Bd3 Bd5 18. Bxf4 Qxf4+ 19. Qxf4 Nxf4 20.
Bxh7+ Kh8 21. Be4+ Kg8 22. Bxd5 cxd5 23. Ne3 d4 24. cxd4 Rfd8 25. Rhe1 Nd5 26.
Nxd5 Rxd5 27. Re3 Rd6 28. Red3 Rad8 29. d5 f5 30. f3 R8d7 31. Kc2 Kf7 32. Kc3
Kf6 33. Kc4 g6 34. Rd4 Ke5 35. f4+ Kf6 36. Kc5 a6 37. b4 Ke7 38. Rc4 Rc7+ 39.
Kd4 Rxc4+ 40. Kxc4 1-0

[Event "ITA-ch qual"]
[Site "Arvier"]
[Date "2009.09.29"]
[Round "4"]
[White "Bogatto, Mario"]
[Black "Cattaneo, Roger"]
[Result "0-1"]
[WhiteElo "1455"]
[BlackElo "1506"]
[PlyCount "94"]
[EventDate "2009.09.26"]
[EventType "swiss"]
[EventRounds "9"]
[EventCountry "ITA"]
[SourceTitle "CBM 132 Extra"]
[Source "ChessBase"]
[SourceDate "2009.11.03"]
[SourceVersion "1"]
[SourceVersionDate "2009.11.03"]
[SourceQuality "1"]

1. e4 e5 2. Nf3 Nc6 3. c3 Nf6 4. Bd3 a5 5. Bc2 d5 6. exd5 Qxd5 7. Bb3 Qe4+ 8.
Qe2 Qxe2+ 9. Kxe2 Bg4 10. h3 Bxf3+ 11. gxf3 Bc5 12. d3 b5 13. Be3 Bxe3 14. fxe3
a4 15. Bc2 O-O 16. Nd2 Ne7 17. e4 c5 18. a3 Nh5 19. Rad1 Ng3+ 20. Kf2 Nxh1+ 21.
Rxh1 Rad8 22. Ke3 f5 23. Rg1 f4+ 24. Ke2 h6 25. Bb1 Rb8 26. Ba2+ Kh7 27. h4 b4
28. Nc4 b3 29. Bb1 Nc6 30. h5 Rf6 31. Rg4 g6 32. hxg6+ Rxg6 33. Rxg6 Kxg6 34.
Nd6 Kh7 35. Kf2 Ne7 36. d4 cxd4 37. cxd4 Rd8 38. dxe5 Ng6 39. Nc4 Rd1 40. Nb6
Rxb1 41. Nxa4 Nxe5 42. Ke2 h5 43. Kf2 Nd3+ 44. Kg2 Nxb2 45. Nc3 Rc1 46. Nd5 Nd3
47. a4 b2 0-1

[Event "CP-2009-P-00074"]
[Site "Lechenicher SchachServer"]
[Date "2009.09.27"]
[Round "?"]
[White "Bidgood, Lee"]
[Black "Rusak, Alexander"]
[Result "0-1"]
[WhiteElo "1220"]
[BlackElo "1856"]
[PlyCount "92"]
[EventDate "2009.10.01"]

1. e4 e5 2. Nf3 Nc6 3. c3 Nf6 4. d4 exd4 5. cxd4 Nxe4 6. Nc3 Bb4 7. a3 Nxc3 8.
Qb3 Qe7+ 9. Be3 Nd5+ 10. axb4 Qxb4+ 11. Qxb4 Ncxb4 12. Rc1 O-O 13. Bc4 Re8 14.
Bxd5 Nxd5 15. Ne5 Nxe3 16. fxe3 d6 17. Nf3 Rxe3+ 18. Kd2 Re7 19. Rhe1 Rxe1 20.
Rxe1 Kf8 21. d5 Bd7 22. b4 a5 23. Rc1 c6 24. dxc6 bxc6 25. Ra1 a4 26. Ra3 Ke7
27. Nd4 c5 28. bxc5 dxc5 29. Nc2 Rb8 30. Ne3 Rb3 31. Ra1 Kd6 32. Rc1 Be6 33.
Ra1 a3 34. Nc2 Rb2 35. Kc3 Ba2 36. g4 g5 37. Rd1+ Ke5 38. Ra1 Kf4 39. h3 Kg3
40. Ne1 Kxh3 41. Nd3 Rg2 42. Nxc5 Kxg4 43. Nd3 h5 44. Nb4 Be6 45. Rxa3 Rg3+ 46.
Kb2 Rxa3 0-1

[Event "15. IECG CUP P-00027"]
[Site "IECG"]
[Date "2009.09.27"]
[Round "?"]
[White "Tranquillo, Massimo"]
[Black "Hruby, Milan"]
[Result "0-1"]
[WhiteElo "702"]
[BlackElo "2131"]
[PlyCount "94"]
[EventDate "2009.10.01"]

1. e4 e5 2. Nf3 Nc6 3. c3 Nf6 4. d4 Nxe4 5. d5 Ne7 6. Nxe5 Ng6 7. Qd4 Qf6 8.
Qxe4 Qxe5 9. Qxe5+ Nxe5 10. Bf4 d6 11. Na3 Be7 12. Nc4 Nxc4 13. Bxc4 Bd7 14.
O-O O-O 15. Rfe1 Bf6 16. Re2 Rfe8 17. Rae1 Kf8 18. Bd3 Rxe2 19. Rxe2 a5 20. f3
h6 21. Bd2 a4 22. Be1 Ra5 23. c4 Ra8 24. g4 g6 25. Bg3 Kg7 26. Kg2 h5 27. gxh5
gxh5 28. h4 Rg8 29. b3 axb3 30. axb3 Ra8 31. Be1 Ra3 32. Bc2 b5 33. Bb4 Ra2 34.
Be1 Kf8 35. Kg3 Be5+ 36. Kg2 f6 37. Bd2 Kf7 38. Be3 bxc4 39. bxc4 Ra3 40. Bd2
c5 41. Be4 Ba4 42. f4 Bd4 43. Be1 Bd1 44. Rd2 Bb3 45. Bf3 Bxc4 46. Bxh5+ Kg7
47. Bf2 Bxd5+ 0-1

[Event "corr CP-2009-P"]
[Site "Lechenicher SchachServer"]
[Date "2009.09.27"]
[Round "?"]
[White "Tranquillo, Massimo"]
[Black "Sanga, Alberto"]
[Result "0-1"]
[WhiteElo "1813"]
[BlackElo "2024"]
[PlyCount "86"]
[EventDate "2009.10.01"]
[EventType "tourn (corr)"]
[SourceTitle "OM Corr 202003"]
[Source "Opening Master"]
[SourceDate "2019.05.30"]
[SourceVersion "2"]
[SourceVersionDate "2019.05.30"]
[SourceQuality "1"]

1. e4 e5 2. Nf3 Nc6 3. c3 Nf6 4. d4 Nxe4 5. d5 Ne7 6. Nxe5 Ng6 7. Qd4 Nf6 8.
Nxg6 hxg6 9. Be2 b6 10. c4 Bc5 11. Qd3 d6 12. Nc3 Bf5 13. Qg3 Qe7 14. Bd2 O-O-O
15. O-O Rde8 16. Rae1 Qe5 17. Qxe5 Rxe5 18. b3 Rhe8 19. Bd1 a6 20. Rxe5 Rxe5
21. Re1 Ng4 22. Rxe5 dxe5 23. Bxg4 Bxg4 24. Kf1 Bf5 25. Ke2 Bd4 26. f3 Bc2 27.
h3 g5 28. Be1 Kd7 29. Kd2 Bg6 30. Ne4 f6 31. g3 a5 32. g4 c6 33. dxc6+ Kxc6 34.
Kc2 Bc5 35. h4 gxh4 36. Bxh4 Ba3 37. Be1 Bb4 38. Bxb4 axb4 39. Kd3 Kd7 40. Ke3
Bxe4 41. Kxe4 Ke6 42. f4 exf4 43. Kxf4 g6 0-1